European Capitals on a Map - Whammies - Statistics

General Stats
  • This quiz has been taken 1,666 times
  • The average score is 29 of 45
Answers on the Map
Answers color-coded by a green-red scale on the quiz's map according to % correct below.
 
Answer Stats
Country Capital % Correct
Germany Berlin
69%
Ireland Dublin
69%
United Kingdom London
69%
France Paris
69%
Netherlands Amsterdam
68%
Greece Athens
68%
Belgium Brussels
68%
Ukraine Kyiv
68%
Spain Madrid
68%
Russia Moscow
68%
Norway Oslo
68%
Sweden Stockholm
68%
Poland Warsaw
68%
Finland Helsinki
67%
Portugal Lisbon
67%
Luxembourg Luxembourg
67%
Monaco Monaco
67%
Czech Republic Prague
67%
Austria Vienna
67%
Denmark Copenhagen
66%
Iceland Reykjavík
66%
Vatican City Vatican City
66%
Switzerland Bern
65%
San Marino San Marino
65%
Romania Bucharest
64%
Andorra Andorra la Vella
63%
Italy Rome
63%
Belarus Minsk
63%
Croatia Zagreb
63%
Hungary Budapest
62%
Latvia Riga
62%
Bulgaria Sofia
62%
Estonia Tallinn
62%
Malta Valletta
61%
Serbia Belgrade
60%
Albania Tirana
60%
Lithuania Vilnius
60%
Slovenia Ljubljana
59%
Bosnia and Herzegovina Sarajevo
59%
Liechtenstein Vaduz
59%
Slovakia Bratislava
58%
Moldova Chișinău
58%
North Macedonia Skopje
55%
Montenegro Podgorica
53%
Kosovo Pristina
53%
No matching quizzes found
Score Distribution
Percent of People with Each Score
Percentile by Number Answered
Your Score History
You have not taken this quiz